000 00705nam a2200193 i 4500
001 148176
003 ES-MaACL
005 20230906202455.0
007 t|
008 070214s1966 sp |||| | spa d
100 1 _aStoetzer, Otto Carlos.
_9108271
245 1 3 _aEl pensamiento político en la América española durante el período de la emancipación
_b: (1789-1825) /
_cO. Carlos Stoetzer.
260 _aMadrid :
_bInstituto de Estudios Políticos,
_c1966 (
_fDoménech)
300 _a2 v. ;
_c22 cm.
650 4 _aPolítica-
_zAmérica española-
_vHistoria.
_9168165
710 2 _aInstituto de Estudios Políticos (Madrid)
_94924
852 _aES-MaACL
_jC-31594-95
852 _aES-MaACL
_jE-7852-53
999 _c148176
_d148176